Sports Quiz

Random Sports or Basketball Quiz

Coaches and Managers By Card Quiz Stats

 Plays Quiz not verified by Sporcle

Score 0/25 Timer 05:00
0 Plays Today
% Correct
Joe Torre
69.7%
Bill Belichick
67.1%
Pat Riley
66.9%
Don Shula
66.5%
Mike Ditka
66.5%
Bill Parcells
61.6%
Mike Krzyzewski
58.8%
Patricia 'Pat' Summitt
56.6%
Lenny Wilkens
54.2%
Charles 'Casey' Stengel
54%
Arnold 'Red' Auerbach
51.2%
Cito Gaston
50%
Cornelius 'Connie Mack' McGillicuddy, Sr.
48.6%
% Correct
John Wooden
46.8%
George 'Sparky' Anderson
43.8%
Herb Brooks
40.6%
Eddie Robinson
35.7%
William 'Scotty' Bowman
34.1%
Bela Karolyi
26.9%
Sir Alex Ferguson
25.3%
Al Arbour
22.3%
Arsène Wenger
19.1%
Jose Mourinho
17.7%
Vicente del Bosque González, 1st Marquis of Del Bosque
12.9%
Amos Alonzo Stagg
11.4%

You're not logged in!

Compare scores with friends on all Sporcle quizzes.
OR
Log In

Sporcle TV

Today on Sporcle TV


Watch our educational content, quiz creation guides, and fun videos on Sporcle TV.

Show Comments

Extras

Top Quizzes Today


Score Distribution

Your Account Isn't Verified!

In order to create a playlist on Sporcle, you need to verify the email address you used during registration. Go to your Sporcle Settings to finish the process.

Report this User

Report this user for behavior that violates our Community Guidelines.

Details: